|
|
|
|
| LEADER |
00000nam0a2200000 4500 |
| 001 |
285328 |
| 005 |
20231101235802.0 |
| 020 |
|
|
|a RU
|b 84-57315
|
| 035 |
|
|
|a (RuTPU)RU\TPU\book\309563
|
| 090 |
|
|
|a 285328
|
| 100 |
|
|
|a 20150224d1984 k y0rusy5003 ca
|
| 101 |
0 |
|
|a rus
|
| 102 |
|
|
|a RU
|
| 105 |
|
|
|a a z 001zy
|
| 200 |
1 |
|
|a Вентиляция предприятий атомной промышленности
|f Н. З. Битколов
|
| 210 |
|
|
|a Москва
|c Энергоатомиздат
|d 1984
|
| 215 |
|
|
|a 153 с.
|c ил.
|
| 320 |
|
|
|a Библиогр.: с. 151-152
|
| 606 |
1 |
|
|a Атомная промышленность
|2 stltpush
|3 (RuTPU)RU\TPU\subj\29666
|9 52946
|
| 610 |
1 |
|
|a предприятия
|
| 610 |
1 |
|
|a вентиляция
|
| 610 |
1 |
|
|a воздушная среда
|
| 610 |
1 |
|
|a проветривание
|
| 610 |
1 |
|
|a приточная вентиляция
|
| 610 |
1 |
|
|a вытяжная вентиляция
|
| 610 |
1 |
|
|a окружающая среда
|
| 610 |
1 |
|
|a охрана
|
| 675 |
|
|
|a 621.039:628.83
|z rus
|v 4
|
| 700 |
|
1 |
|a Битколов
|b Н. З.
|g Нур Закирзянович
|4 070
|
| 801 |
|
0 |
|a RU
|b RuMRKP
|c 19950704
|g psbo
|
| 801 |
|
1 |
|a RU
|b 63413507
|c 20150224
|
| 801 |
|
2 |
|a RU
|b 63413507
|c 20170602
|g RCR
|
| 942 |
|
|
|c BK
|